000
00282nam a2200121Ia 4500
008
191201s2011 xx 000 0 und d
100
_a
MUNDHRA,Vikas
245
0
_a
Tax Law Module I Paper 3
260
_a
N. Delhi
_b
Roshan Lodha
_c
2011
300
_a
-
650
_a
MBA
942
_2
ddc
_c
BK
999
_c
360
_d
360